Bilan et perspectives de la coopération décentralisée entre collectivités locales euro-mediterranéennes : document de base document de base
Publicado:
Barcelona :
Diputació de Barcelona. Direcció de Serveis de Relacions Internacionals ,
2005
Descripción Física:
87 p. , gràf. ; 30 cm
MARC
| LEADER | 00000nam a2200000Ia 4500 | ||
|---|---|---|---|
| 001 | 21662 | ||
| 008 | 160829s2005 xx 000 0 cat d | ||
| 080 | |a M-6-213 | ||
| 245 | |a Bilan et perspectives de la coopération décentralisée entre collectivités locales euro-mediterranéennes : |b document de base | ||
| 260 | |a Barcelona : |b Diputació de Barcelona. Direcció de Serveis de Relacions Internacionals, |c 2005 | ||
| 300 | |a 87 p. , gràf. ; |c 30 cm | ||
| 590 | |a Bibliografia. | ||
| 590 | |a Hi ha un exemplar en català amb R. 21634 i un altre en anglès amb R. 21661 | ||
| 650 | |a Comunitat Econòmica Europea, Països de la |x Relacions |9 28434 | ||
| 650 | |a Cooperació mediterrània |9 19735 | ||
| 651 | 0 | |a Mediterrània, Regió |9 51010 | |
| 710 | |a Barcelona (Catalunya : Província). |b Direcció de Serveis de Relacions Internacionals |9 53455 | ||
| 901 | |a Arxiu | ||
| 942 | |n 1 | ||
| 952 | |0 0 |1 0 |4 0 |6 M6213 |7 1 |9 52555 |a Arxiu |b Arxiu |d 2016-12-01 |l 0 |o M-6-213 |p 21662 |r 2016-12-01 00:00:00 |w 2016-12-01 |y ARXIU | ||
| 999 | |c 56404 |d 56404 | ||